[Event "Moscow op (Women) 16th"]
[Site "Moscow"]
[Date "2020.01.27"]
[Round "3"]
[White "Kairbekova, Amina"]
[Black "Baisheva, Nyurguiaana"]
[Result "1-0"]
[WhiteElo "2046"]
[BlackElo "1800"]
[PlyCount "109"]
[EventDate "2020.01.25"]
[EventType "swiss"]
[EventRounds "9"]
[EventCountry "RUS"]
[SourceTitle "CBM 194 Extra"]
[Source "ChessBase"]
[SourceDate "2020.03.31"]
[SourceVersion "1"]
[SourceVersionDate "2020.03.31"]
[SourceQuality "1"]

1. e4 c5 2. Nf3 d6 3. d4 cxd4 4. Nxd4 Nf6 5. Nc3 Bd7 6. Bg5 e6 7. Ndb5 Bxb5 8. Bxb5+ Nc6 9. Qf3 Be7 10. e5 Nd5 11. Bxe7 Ndxe7 12. Ne4 dxe5 13. Rd1 Nd5 14. c4 Qa5+ 15. Kf1 0-0 16. Bxc6 bxc6 17. cxd5 exd5 18. Ng3 Qxa2 19. Qe2 Rab8 20. Qxe5 Rxb2 21. Qd4 Rb1 22. Rxb1 Qxb1+ 23. Ke2 Re8+ 24. Kf3 Qb3+ 25. Kg4 Qc2 26. h4 Qg6+ 27. Kh3 h5 28. Ra1 c5 29. Qxd5 Qg4+ 30. Kh2 Qxh4+ 31. Kg1 Qf6 32. Rxa7 h4 33. Ra8 Rxa8 34. Qxa8+ Kh7 35. Qe4+ g6 36. Nf1 Kg7 37. Ne3 Qg5 38. Kh2 f5 39. Qe5+ Kh7 40. Qxc5 Qf4+ 41. Kg1 Qe4 42. Qc4 Qb1+ 43. Kh2 Qb8+ 44. Kh3 f4 45. Ng4 Qf8 46. Qc7+ Kh8 47. Qe5+ Kh7 48. Nf6+ Kh6 49. Qxf4+ Kg7 50. Nd5 Qc8+ 51. Kxh4 Qd8+ 52. Qg5 Qh8+ 53. Kg3 Qb8+ 54. f4 Qb3+ 55. Kh2 1-0

[Event "World School-ch U13 Girls"]
[Site "Sochi"]
[Date "2016.12.11"]
[Round "9"]
[White "Baisheva, Nyurguiaana"]
[Black "Tsogzolmaa, Nanjid"]
[Result "1-0"]
[WhiteElo "1603"]
[BlackElo "1394"]
[PlyCount "151"]
[EventDate "2016.12.03"]
[EventType "swiss"]
[EventRounds "9"]
[EventCountry "RUS"]
[SourceTitle "EXT 2018"]
[Source "ChessBase"]
[SourceDate "2017.10.13"]
[SourceVersion "1"]
[SourceVersionDate "2017.10.13"]
[SourceQuality "1"]

1. e4 e5 2. Nf3 Nc6 3. Bb5 d6 4. d4 Bd7 5. 0-0 Nf6 6. Re1 Be7 7. c3 0-0 8. Nbd2 exd4 9. cxd4 a6 10. Bc4 Bg4 11. Qc2 d5 12. exd5 Nxd5 13. h3 Be6 14. a3 Bf6 15. Nb3 Qd6 16. Bg5 b5 17. Bd3 h6 18. Bxf6 Nxf6 19. Rac1 Bd5 20. Ne5 Rfe8 21. Nxc6 Bxc6 22. Rxe8+ Bxe8 23. Qxc7 Qd5 24. Qc3 Rd8 25. Re1 Bc6 26. f3 Qd6 27. Be4 Nxe4 28. fxe4 Re8 29. d5 Bd7 30. Qc5 Qg6 31. Qe3 Re5 32. Nc5 Bf5 33. Kh2 Bxe4 34. Nxe4 f5 35. Qf4 Rxe4 36. Rxe4 fxe4 37. Qe5 Kf7 38. Qc7+ Ke8 39. d6 Qe6 40. Qc6+ Kd8 41. Qxa6 e3 42. Qb6+ Ke8 43. Qxb5+ Kf7 44. Qb7+ Kg6 45. Qe7 Qb3 46. Qe8+ Kh7 47. d7 Qc4 48. Qe5 Qd3 49. d8R Qxd8 50. Qxe3 Qb8+ 51. Qg3 Qxb2 52. Qd6 Qb5 53. h4 Qc4 54. Kh3 Qf1 55. Qd5 Qh1+ 56. Kg4 Qc1 57. a4 Qc7 58. h5 Qe7 59. a5 Qe2+ 60. Qf3 Qc4+ 61. Kh3 Qc8+ 62. g4 Qa6 63. Qe4+ Kh8 64. Qe8+ Kh7 65. Qg6+ Qxg6 66. hxg6+ Kxg6 67. a6 Kf7 68. a7 g5 69. a8Q Kg6 70. Qf8 Kh7 71. Kg3 Kg6 72. Kf3 Kh7 73. Ke4 Kg6 74. Ke5 Kh7 75. Kf6 h5 76. Qg7# 1-0

[Event "World School-ch U13 Girls"]
[Site "Sochi"]
[Date "2016.12.08"]
[Round "6"]
[White "Baisheva, Nyurguiaana"]
[Black "Safronova, Aleksandra"]
[Result "1-0"]
[WhiteElo "1603"]
[BlackElo "1694"]
[PlyCount "61"]
[EventDate "2016.12.03"]
[EventType "swiss"]
[EventRounds "9"]
[EventCountry "RUS"]
[SourceTitle "EXT 2018"]
[Source "ChessBase"]
[SourceDate "2017.10.13"]
[SourceVersion "1"]
[SourceVersionDate "2017.10.13"]
[SourceQuality "1"]

1. e4 c5 2. Nf3 d6 3. d4 cxd4 4. Nxd4 Nf6 5. Nc3 g6 6. Be3 Bg7 7. f3 0-0 8. Qd2 Nc6 9. 0-0-0 d5 10. Nxc6 bxc6 11. exd5 cxd5 12. Nxd5 Nxd5 13. Qxd5 Qc7 14. Qc5 Qb7 15. b3 Bf5 16. Qb5 Rfc8 17. Rd8+ Rxd8 18. Qxb7 Rac8 19. Bc4 a5 20. Rd1 a4 21. Rxd8+ Rxd8 22. Qxe7 Rf8 23. Bc5 h5 24. b4 a3 25. b5 Bb2+ 26. Kd2 Bg7 27. b6 Bh6+ 28. Kc3 Bg7+ 29. Kb3 Kh7 30. b7 Rb8 31. Bd6 1-0